• 首页
  • 本馆介绍
  • 公告通知
  • 最新文献
  • 馆藏检索
  • 电子资源
  • 读者导购
  • 参考咨询
  • 我的图书馆
  • 登录
  • 详细信息显示
  • 放入我的书架
  • 预约/预借图书
  • 作者相关作品
  • 分类相关作品
  • 丛书相关作品
  • 出版社相关作品

书目信息

  • 表格格式
  • 工作单格式
  • 卡片格式
题名:
模拟电子技术
    
 
作者: 杨媛媛 主编
分册:  
出版信息: 成都   电子科技大学出版社  2019
页数: 206页
开本: 26cm
丛书名:
单 册:
中图分类: TN710.4 , TN710
科图分类:
主题词: 模拟电路--电子技术--职业教育--教材
电子资源:
ISBN: 978-7-5647-7072-3
000 00890nam0 2200241 450
001 2341829022
005 20231224113730.77
010    @a978-7-5647-7072-3@d39.90CNY
100    @a20191120d2019 em y0chiy0120 ea
101 0  @achi
102    @aCN@b510000
105    @ay z 000yy
200 1  @a模拟电子技术@Amo ni dian zi ji shu@b专著@f杨媛媛主编
210    @a成都@c电子科技大学出版社@d2019
215    @a206页@d26cm
300    @a职业教育“十三五”精品规划教材
330    @a本书共6个项目,项目1:认识常用半导体器件;项目2:调试与制作低频电压放大电路;项目3:集成运算放大电路的制作与应用;项目4:多功能函数信号发生器的制作;项目5:实用低频功率放大电路的制作;项目6:直流稳压电源的制作。
606 0  @a模拟电路@x电子技术@x职业教育@j教材
690    @aTN710.4@v5
690    @aTN710@v4
701  0 @a杨媛媛@Ayang yuan yuan@4主编
801  2 @aCN@b辽宁北配@c20231205
905    @aBZT@dTN710@e38
    
    模拟电子技术/杨媛媛主编.-成都:电子科技大学出版社,2019
    206页;26cm
    职业教育“十三五”精品规划教材
    
    ISBN 978-7-5647-7072-3:39.90CNY
    本书共6个项目,项目1:认识常用半导体器件;项目2:调试与制作低频电压放大电路;项目3:集成运算放大电路的制作与应用;项目4:多功能函数信号发生器的制作;项目5:实用低频功率放大电路的制作;项目6:直流稳压电源的制作。
●
相关链接 在五车中查询图书 在当当中查询图书 在豆瓣中查询图书


正题名:模拟电子技术     索取号:TN710/38         预约/预借

序号 登录号 条形码 馆藏地/架位号 状态 备注
1 2001698956   2001698956   辽三/辽宁北配(第三批)/3905/ [索取号:TN710/38] 在馆    
2 2001698957   2001698957   辽三/辽宁北配(第三批)/3905/ [索取号:TN710/38] 在馆    
3 2001698958   2001698958   辽三/辽宁北配(第三批)/3905/ [索取号:TN710/38] 在馆    
4 2001698959   2001698959   辽三/辽宁北配(第三批)/3905/ [索取号:TN710/38] 在馆    
5 2001698960   2001698960   辽三/辽宁北配(第三批)/3905/ [索取号:TN710/38] 在馆    
6 2001698961   2001698961   辽三/辽宁北配(第三批)/3905/ [索取号:TN710/38] 在馆    
7 2001698962   2001698962   辽三/辽宁北配(第三批)/3905/ [索取号:TN710/38] 在馆    
8 2001698963   2001698963   辽三/辽宁北配(第三批)/3905/ [索取号:TN710/38] 在馆    
9 2001698964   2001698964   辽三/辽宁北配(第三批)/3905/ [索取号:TN710/38] 在馆    
10 2001698965   2001698965   辽三/辽宁北配(第三批)/3905/ [索取号:TN710/38] 在馆    
11 2001698966   2001698966   辽三/辽宁北配(第三批)/3905/ [索取号:TN710/38] 在馆    
12 2001698967   2001698967   辽三/辽宁北配(第三批)/3905/ [索取号:TN710/38] 在馆    
13 2001698968   2001698968   辽三/辽宁北配(第三批)/3905/ [索取号:TN710/38] 在馆    
14 2001698969   2001698969   辽三/辽宁北配(第三批)/3905/ [索取号:TN710/38] 在馆    
15 2001698970   2001698970   辽三/辽宁北配(第三批)/3905/ [索取号:TN710/38] 在馆    
16 2001698971   2001698971   辽三/辽宁北配(第三批)/3905/ [索取号:TN710/38] 在馆    
17 2001698972   2001698972   辽三/辽宁北配(第三批)/3905/ [索取号:TN710/38] 在馆    
18 2001698973   2001698973   辽三/辽宁北配(第三批)/3905/ [索取号:TN710/38] 在馆    
19 2001698974   2001698974   辽三/辽宁北配(第三批)/3905/ [索取号:TN710/38] 在馆    
20 2001698975   2001698975   辽三/辽宁北配(第三批)/3905/ [索取号:TN710/38] 在馆    
21 2001698976   2001698976   辽三/辽宁北配(第三批)/3905/ [索取号:TN710/38] 在馆    
22 2001698977   2001698977   辽三/辽宁北配(第三批)/3905/ [索取号:TN710/38] 在馆    
23 2001698978   2001698978   辽三/辽宁北配(第三批)/3905/ [索取号:TN710/38] 在馆    
24 2001698979   2001698979   辽三/辽宁北配(第三批)/3905/ [索取号:TN710/38] 在馆    
25 2001698980   2001698980   辽三/辽宁北配(第三批)/3905/ [索取号:TN710/38] 在馆    
26 2001698981   2001698981   辽三/辽宁北配(第三批)/3905/ [索取号:TN710/38] 在馆    
27 2001698982   2001698982   辽三/辽宁北配(第三批)/3905/ [索取号:TN710/38] 在馆    
28 2001698983   2001698983   辽三/辽宁北配(第三批)/3905/ [索取号:TN710/38] 在馆    
29 2001698984   2001698984   辽三/辽宁北配(第三批)/3905/ [索取号:TN710/38] 在馆    
30 2001698985   2001698985   辽三/辽宁北配(第三批)/3905/ [索取号:TN710/38] 在馆    
山东省滨州职业学院图书馆 欢迎您!
大连网信软件有限公司© 版权所有